| 000 | 01134 aa a2200253 4500 | ||
|---|---|---|---|
| 005 | 20110823140840.0 | ||
| 010 | _aG-001016 | ||
| 020 |
_a8179020053 _c100.00 |
||
| 035 | _aG-001016 | ||
| 037 | _bD.B.Act / Pub | ||
| 082 | _a821 | ||
| 100 |
_aप्रकाश मनु _91073 |
||
| 245 |
_aइक्यावन बाल कविताएँ / _cप्रकाश मनु |
||
| 246 |
_aEkyavan Bal Kavitayein _b |
||
| 260 |
_a दिल्ली _bसावित्री प्रकाशन _c2007 |
||
| 270 |
_a1376,आत्माराम बिल्ड़िंग, कश्मीरी गेट _bदिल्ली _e110006 |
||
| 300 |
_a72पृ _bसचित्र _c24सेमी (सजिल्द) |
||
| 650 |
_aकविताएँ _935178 |
||
| 650 |
_aबाल कविताएँ _935179 |
||
| 650 |
_aChildren Poems _935180 |
||
| 942 |
_adpl _cCH _2ddc _h821 _mप्रकाश |
||
| 999 |
_c55808 _d55808 |
||